| 000 | 00000nam 2200000zi 4500 |
| 001 | 9.922834 |
| 003 | CaOODSP |
| 005 | 20250204164759 |
| 006 | m o d f |
| 007 | cr cn||||||||| |
| 008 | 230517t20252025quca of f000 0 eng d |
| 020 | |a9780660487779 |
| 040 | |aCaOODSP|beng|erda|cCaOODSP |
| 043 | |an-cn--- |
| 086 | 1 |aEn84-335/2025E-PDF |
| 245 | 00|aCanadian Aquatic Biomonitoring Network analysis and reporting handbook. |
| 264 | 1|aGatineau QC : |bEnvironment and Climate Change Canada = Environnement et Changement climatique Canada, |c2025. |
| 264 | 4|c©2025 |
| 300 | |a1 online resource (i, 22 pages) : |billustrations |
| 336 | |atext|btxt|2rdacontent |
| 337 | |acomputer|bc|2rdamedia |
| 338 | |aonline resource|bcr|2rdacarrier |
| 500 | |aIssued also in French under title: Guide de référence sur l'analyse et la production de rapports du Réseau canadien de biosurveillance aquatique. |
| 520 | |a"The primary purpose of this document is to assist in the use of the CABIN analytical and reporting tools for data entered into the CABIN database"--Introduction, page 1. |
| 610 | 20|aCanadian Aquatic Biomonitoring Network. |
| 650 | 0|aAquatic habitats|xMonitoring|zCanada|vHandbooks, manuals, etc. |
| 650 | 0|aDatabase management|zCanada|vHandbooks, manuals, etc. |
| 710 | 1 |aCanada. |bEnvironment and Climate Change Canada, |eissuing body. |
| 775 | 08|tGuide de référence sur l'analyse et la production de rapports du Réseau canadien de biosurveillance aquatique.|w(CaOODSP)9.922836 |
| 856 | 40|qPDF|s2.31 MB|uhttps://publications.gc.ca/collections/collection_2025/eccc/En84-335-2025-eng.pdf |
| 986 | |aEC24016 |